000 00622nam a2200277Ia 4500
005 20260401122229.0
008 008 250103s9999 xx 000 0 eng d
020 _a1841212061
037 _aTB
040 _aEDL
040 _beng
040 _cEDL
041 _2eng
041 _aeng
084 _a828.91 DYL
084 _qEDL
245 0 _aDylan Thomas Omnibus: Poems, Stories, Broadcasts and Under Milk Wood
260 _aLondon
260 _bPhoenix Press
260 _c2000
300 _a386p
942 _cTB
942 _h828.91 DYL
999 _c1845824
_d1845824